000 00627nam a2200229 a 4500
005 20140310183501.0
008 100312s19uu xx 00 eng d
020 _a9780071282765
050 _aQP 34.5
_b.W812 2009
100 _aWise, Eric
245 _aAnatomy and physiology :
_blaboratory manual /
_cEric Wise.
250 _a8th. ed.
260 _aBoston :
_bMcGraw-Hill Higher Education,
_c2009.
300 _a550 p. :
_bill. ;
_c28 cm.
521 _aPSYCH
650 _aHuman anatomy.
650 _aHuman physiology.
650 _aAnatomy.
650 _aPhysiology.
942 _cBK
_2lcc
_kFOR
999 _c23905
_d23905